Viac zberu, menej recyklácie

Oživenie trhu s odpadmi. Stratové a ziskové zberovky. Padajúca recyklácia.

Guardado en:
Detalles Bibliográficos
Autor principal: Orfánus, Dominik
Formato: Capítulo de libro
Lenguaje:eslovaco
Materias:
Etiquetas: Agregar Etiqueta
Sin Etiquetas, Sea el primero en etiquetar este registro!

MARC

LEADER 00000naa a2200000 4500
001 0141726
005 20240502072536.2
041 0 |a slo 
044 |a SK 
245 1 0 |a Viac zberu, menej recyklácie  |c Dominik Orfánus 
520 |a Oživenie trhu s odpadmi. Stratové a ziskové zberovky. Padajúca recyklácia. 
610 2 0 |a hospodárstvo odpadové 
610 2 0 |a odpad výrobný 
610 2 0 |a zber surovín 
610 2 0 |a recyklácia odpadu 
610 2 0 |a Slovensko 
610 2 0 |a 2010 
100 1 |a Orfánus, Dominik